| 000 | 00536cam a22002171 4500 | ||
|---|---|---|---|
| 001 | ne 66001802 | ||
| 003 | DLC | ||
| 005 | 20260227111826.0 | ||
| 008 | 890331q xx b 000 0 ara | ||
| 010 | _ane 66001802 | ||
| 035 | _a(OCoLC)23499759 | ||
| 040 |
_aDLC _cMiU _dDLC |
||
| 042 | _apremarc | ||
| 050 | 0 | 0 |
_aPJ6709 _b.A7 1952 |
| 100 | 1 | _aAnīs, Ibrāhīm. | |
| 245 | 1 | 0 | _aFī al-lahajāt al-ʻArabīyah. |
| 260 | _c.1952 | ||
| 300 |
_a238 p. _bmap. _c24 cm. |
||
| 500 | _aRomanized. | ||
| 650 | 0 |
_aArabic language _xDialects |
|
| 999 |
_c49158 _d49158 |
||